Les pays d'Europe dans l'ordre alphabétique - Statistics

General Stats
  • This quiz has been taken 913 times
  • The average score is 10 of 46
Answer Stats
Hint Answer % Correct
? Albanie
97%
? Allemagne
72%
? Andorre
57%
? Belgique
35%
? Autriche
32%
? Biélorussie
29%
? Bulgarie
26%
? Espagne
26%
? Croatie
25%
? Estonie
25%
? Finlande
25%
? France
25%
? Danemark
24%
? Hongrie
23%
? Italie
22%
? Grèce
21%
? Irlande
21%
? Islande
21%
? Arménie
20%
? Bosnie-Herzégovine
20%
? Lettonie
19%
? Lituanie
19%
? Vatican
19%
? Luxembourg
17%
? Pologne
17%
? Portugal
17%
? Liechtenstein
16%
? Norvège
16%
? Ukraine
16%
? Malte
15%
? Moldavie
15%
? Monaco
15%
? Pays-Bas
15%
? Roumanie
15%
? Slovaquie
15%
? Suède
15%
? Suisse
15%
? Slovénie
14%
? Macédoine du Nord
13%
? Monténégro
13%
? République Tchèque
12%
? Russie
12%
? Serbie
12%
? Royaume-Uni
11%
? Saint-Marin
11%
? Kazakhstan
3%
No matching quizzes found
Score Distribution
Percent of People with Each Score
Percentile by Number Answered
Your Score History
You have not taken this quiz